00685 2200229 4500001002100000005001700021008004100038020002200079035002500101040001200126082001400138084001400152100002300166245012400189250001000313260003000323300003000353650002000383700002100403700001900424850001200443INLIS00000000001492920151009170456.0  a978-979-29-4125-8 a0010-101500000000663 aYOPDYOG 2[23]a813 a813 Arl M aARLINAH I RAHARDJO aMurid baru di kelasku (The new student in my class)c/ Arlinah I Rahardjo ; ilustrator Melissa Goentoro, Risa Ambarizky aCet.1 aYogyakartabRainbowc2013 a80 hlm.b: ilus.c; 23 cm aNovel-Indonesia aMelissa Goentoro aRisa Ambarizky aYOPDYOG